000
00315nam a2200121Ia 4500
008
240624s9999 xx 000 0 und d
041
_a
eng
082
_a
891.46 GOD
100
_a
GODBOLE ACHYUT
245
_a
SOOKCHAMJEEV VIGYAN MANOVIKAS GENIUS MAR
260
_c
2015
_a
Pune
_b
Manovikas Prakashan
365
_c
RS
_b
20
999
_c
30791
_d
30791